Popularita behaviorálnej ekonómie alebo čo spája behaviorálnu ekonómiu a marketing

Stručný prehľad vývoja behaviorálnej ekonomiky, presnejšie je opísaná perspektívna teória. Identifikovanie spoločných a hraničných oblasti medzi marketingom a behaviorálnou ekonomikou prostredníctvom porovnávacieho prístupu.

Gespeichert in:
Bibliographische Detailangaben
1. Verfasser: Oreský, Milan, 1956-
Format: Buchkapitel
Sprache:Slowakisch
Schlagworte:
Tags: Tag hinzufügen
Keine Tags, Fügen Sie das erste Tag hinzu!

MARC

LEADER 00000naa$a2200000$$$4500
001 0251181
005 20240502074029.4
041 0 |a slo 
044 |a SK 
245 1 0 |a Popularita behaviorálnej ekonómie alebo čo spája behaviorálnu ekonómiu a marketing  |c Milan Oreský 
520 |a Stručný prehľad vývoja behaviorálnej ekonomiky, presnejšie je opísaná perspektívna teória. Identifikovanie spoločných a hraničných oblasti medzi marketingom a behaviorálnou ekonomikou prostredníctvom porovnávacieho prístupu. 
610 2 0 |a ekonómia behaviorálna 
610 2 0 |a marketing 
610 2 0 |a správanie spotrebiteľa 
610 2 0 |a analýza komparatívna 
100 1 |a Oreský, Milan, 1956-